| 000 | 00681nam a2200277Ia 4500 | ||
|---|---|---|---|
| 008 | 181129s9999 xx 000 0 und d | ||
| 020 | _a0590516612 | ||
| 050 | _bR783 1998 | ||
| 100 | _aRoot, Phyllis | ||
| 245 | 0 | _aOne duck stuck / | |
| 245 | 0 | _cby Phyllis Root ; illustrated by Jane Chapman. | |
| 260 | _aNew York, NY : | ||
| 260 | _bScholastic, | ||
| 260 | _c1998 | ||
| 300 | _aunpaged : | ||
| 300 | _bcolor illustrations ; | ||
| 300 | _c23cm. | ||
| 500 | _a210L | ||
| 650 | _aCounting. | ||
| 650 | _aCounting-out rhymes. | ||
| 650 | _aDucks. | ||
| 650 | _aMarsh animals. | ||
| 650 | _aStories in rhyme. | ||
| 700 | _aChapman, Jane. | ||
| 700 | _aTitle. | ||
| 999 |
_c359871 _d359871 |
||